书目信息 |
| 题名: |
村庄规划教程
|
|
| 作者: | 安国辉 编著 | |
| 分册: | ||
| 出版信息: | 北京 科学出版社 2008.09 |
|
| 页数: | 390页 | |
| 开本: | 24cm | |
| 丛书名: | ||
| 单 册: | ||
| 中图分类: | TU982.29 | |
| 科图分类: | ||
| 主题词: | 乡村规划--中国--教材 | |
| 电子资源: | ||
| ISBN: | 978-7-03-022466-8 | |
| 000 | 00857nam0 2200253 450 | |
| 001 | 012008106799 | |
| 005 | 20091202091642.45 | |
| 010 | @a978-7-03-022466-8@dCNY40.00(含光盘) | |
| 100 | @a20081028d2008 em y0chiy0110 ea | |
| 101 | 0 | @achi |
| 102 | @aCN@b110000 | |
| 105 | @aak z 000yy | |
| 106 | @ar | |
| 200 | 1 | @a村庄规划教程@9cun zhuang gui hua jiao cheng@f安国辉等编著 |
| 210 | @a北京@c科学出版社@d2008.09 | |
| 215 | @a390页@c图@d24cm@e1光盘 | |
| 300 | @a21世纪高等院校教材 | |
| 307 | @a附光盘:ISBN 978-7-900249-58-6 | |
| 330 | @a本书主要介绍了村庄规划的理论、方法和程序。主要内容包括:村庄与村庄规划、村庄规划的理论、村庄规划技术原理的应用、村庄规划的基础研究等。 | |
| 606 | 0 | @a乡村规划@y中国@j教材 |
| 690 | @aTU982.29@v4 | |
| 701 | 0 | @a安国辉@9an guo hui@4编著 |
| 801 | 0 | @aCN@bRENTIAN@c20091202 |
| 905 | @b794446-50@dTU982.29@e455@f5 | |
| 村庄规划教程/安国辉等编著.-北京:科学出版社,2008.09 |
| 390页:图;24cm+1光盘 |
| 21世纪高等院校教材 |
| ISBN 978-7-03-022466-8:CNY40.00(含光盘) |
| 本书主要介绍了村庄规划的理论、方法和程序。主要内容包括:村庄与村庄规划、村庄规划的理论、村庄规划技术原理的应用、村庄规划的基础研究等。 |
| ● |
| 相关链接 |
|
|
|
|
正题名:村庄规划教程
索取号:TU982.29/455
 
预约/预借
| 序号 | 登录号 | 条形码 | 馆藏地/架位号 | 状态 | 备注 |
| 1 | 794446 | 207944466 | 第二样本阅览室/ [索取号:TU982.29/455] | 在馆 | |
| 2 | 794447 | 207944475 | 第三借阅区/ [索取号:TU982.29/455] | 在馆 | |
| 3 | 794448 | 207944484 | 第三借阅区/ [索取号:TU982.29/455] | 在馆 | |
| 4 | 794449 | 207944493 | 第三借阅区/ [索取号:TU982.29/455] | 在馆 | |
| 5 | 794450 | 207944509 | 密集书库-资源管理系/ [索取号:TU982.29/455] | 在馆 |